[Event "Groningen op"]
[Site "Groningen"]
[Date "1993.??.??"]
[Round "6"]
[White "Rechel, Bernd"]
[Black "Ziatdinov, Raset"]
[Result "0-1"]
[WhiteElo "2375"]
[BlackElo "2455"]
[PlyCount "72"]
[EventDate "1993.12.??"]
[Source "ChessBase"]

1. e4 e5 2. f4 exf4 3. Nf3 d5 4. exd5 Nf6 5. Bc4 Nxd5 6. O-O Be6 7. Bb3 Bd6 8. c4 Nb6 9. d4 Nxc4 10. Qe2 b5 11. Nc3 c6 12. a4 O-O 13. axb5 Ne3 14. Bxe3 Bxb3 15. Bf2 Re8 16. Qd3 Bd5 17. bxc6 Bxc6 18. d5 Bb7 19. Qb5 Qd7 20. Rfe1 Rd8 21. Qd3 h6 22. Ra4 a5 23. Bb6 Rc8 24. Rae4 Na6 25. Ne5 Nb4 26. Qf3 Bxe5 27. Rxe5 Qd6 28. Bf2 Rd8 29. Qxf4 Qg6 30. R1e3 Nd3 31. Rxd3 Qxd3 32. Re3 Qc2 33. Re7 Bxd5 34. Nxd5 Qd1+ 35. Re1 Qxd5 36. Re7 Qb3 0-1

[Event "Capablanca mem-B"]
[Site "Matanzas"]
[Date "1992.??.??"]
[Round "13"]
[White "Sanchez Almeyra, Jorge"]
[Black "Armas, Jorge"]
[Result "1/2-1/2"]
[WhiteElo "2425"]
[BlackElo "2400"]
[PlyCount "83"]
[EventDate "1992.05.??"]
[Source "ChessBase"]

1. e4 e5 2. f4 exf4 3. Nf3 d5 4. exd5 Nf6 5. Bb5+ c6 6. dxc6 Nxc6 7. d4 Bd6 8. Qe2+ Be6 9. Ng5 O-O 10. Nxe6 fxe6 11. Bxc6 bxc6 12. O-O Qc7 13. Nd2 e5 14. dxe5 Bxe5 15. Nf3 Bd6 16. Bd2 Rae8 17. Qc4+ Nd5 18. Rae1 Qb6+ 19. Kh1 Qc5 20. Qxc5 Bxc5 21. Rxe8 Rxe8 22. Re1 Rxe1+ 23. Nxe1 Be3 24. Bxe3 Nxe3 25. Kg1 Kf7 26. Kf2 Nd1+ 27. Kf3 Nxb2 28. Kxf4 Ke6 29. Ke4 Nd1 30. Kd4 Nf2 31. Kc5 Kd7 32. Nf3 Ne4+ 33. Kd4 Nf6 34. c4 Kc7 35. h3 Nd7 36. Ng5 Nf8 37. Ke5 Kd7 38. g3 Ke7 39. Ne4 Nd7+ 40. Kd4 Nf8 41. Nc5 Ne6+ 42. Nxe6 1/2-1/2

[Event "Memorial Konig"]
[Site "San Francisco (USA)"]
[Date "2007.07.24"]
[Round "?"]
[White "Pruess David (USA)"]
[Black "Atalik Ekaterina (TUR)"]
[Result "1-0"]
[WhiteElo "2424"]
[BlackElo "2400"]
[PlyCount "63"]
[EventDate "2007.??.??"]
[Source "www.chesslib.no"]
[SourceDate "2004.05.04"]

1. e4 e5 2. f4 exf4 3. Nf3 d5 4. exd5 Nf6 5. Bc4 Nxd5 6. O-O Be7 7. Bb3 O-O 8. c4 Nb6 9. d4 Bg4 10. Bxf4 Bf6 11. Nc3 Nc6 12. d5 Ne5 13. c5 Nbd7 14. Ne4 Bxf3 15. gxf3 Ng6 16. Nxf6+ Qxf6 17. Bxc7 Nxc5 18. Rc1 b6 19. Qd2 Rac8 20. d6 Nf4 21. Bc4 Nd7 22. Kh1 Qf5 23. Rfe1 Rce8 24. Re7 Nh3 25. Bxf7+ Qxf7 26. Rxf7 Rxf7 27. Re1 Ref8 28. Re7 Rxf3 29. Rxd7 g5 30. Qd5+ Kh8 31. Qd4+ R8f6 32. Rf7 1-0

[Event "LXVII ch-CRC"]
[Site "Curridabat"]
[Date "2003.06.18"]
[Round "6"]
[White "Gonzalez, Bernal"]
[Black "Valdes, Leonardo"]
[Result "1-0"]
[WhiteElo "2420"]
[BlackElo "2404"]
[PlyCount "55"]
[EventDate "2003.06.13"]
[Source "Roberto Alvarez"]
[SourceDate "2003.07.07"]

1. e4 e5 2. f4 exf4 3. Nf3 d5 4. exd5 Nf6 5. Bb5+ c6 6. dxc6 Nxc6 7. d4 Bd6 8. O-O O-O 9. Nbd2 Bc7 10. c3 Nd5 11. Ne4 Nce7 12. Bd3 Nf5 13. Ne5 Qh4 14. Qf3 f6 15. g3 fxg3 16. hxg3 Qh3 17. Rf2 fxe5 18. Bf1 Qxf1+ 19. Rxf1 Bd7 20. Qd3 Rad8 21. Bg5 Rde8 22. Nc5 e4 23. Nxe4 Bc6 24. Rae1 Kh8 25. Bd2 b5 26. Ng5 Rxe1 27. Bxe1 Nde3 28. Qxe3 1-0

[Event "BL2-Ost 0203"]
[Site "?"]
[Date "2003.01.26"]
[Round "5.1"]
[White "Grafl Florian"]
[Black "Berzinsh Roland"]
[Result "0-1"]
[WhiteElo "2351"]
[BlackElo "2472"]
[PlyCount "36"]
[EventDate "2003.??.??"]
[Source "www.chesslib.no"]
[SourceDate "2004.05.04"]

1. e4 e5 2. f4 d5 3. exd5 exf4 4. Nf3 Nf6 5. c4 c6 6. dxc6 Nxc6 7. d4 Bb4+ 8. Nc3 Ne4 9. Bd2 O-O 10. Nxe4 Re8 11. Bxb4 Rxe4+ 12. Kf2 Nxb4 13. Qd2 Bg4 14. Be2 Bxf3 15. Bxf3 Rxd4 16. Qxb4 Rd2+ 17. Ke1 Rc2 18. c5 Qd3 0-1

[Event "JUG Ch"]
[Site "Novi Sad YUG"]
[Date "1975.??.??"]
[Round "?"]
[White "Barle, Janez"]
[Black "Matanovic, Aleksandar"]
[Result "1/2-1/2"]
[WhiteElo "2330"]
[BlackElo "2490"]
[PlyCount "25"]
[EventDate "1975.??.??"]
[Source "www.chesslib.no"]
[SourceDate "2004.05.04"]

1. e4 e5 2. f4 exf4 3. Nf3 d5 4. exd5 Nf6 5. Bc4 Bd6 6. Nc3 O-O 7. O-O c6 8. d4 b5 9. Bb3 b4 10. Ne2 Ba6 11. Re1 Bxe2 12. Qxe2 Qb6 13. Qf2 1/2-1/2

[Event "Eksjo 6th"]
[Site "Eksjo SWE"]
[Date "1978.??.??"]
[Round "8"]
[White "Borkowski, Franciszek"]
[Black "Schneider, Lars-Ake"]
[Result "0-1"]
[WhiteElo "2390"]
[BlackElo "2430"]
[PlyCount "66"]
[EventDate "1978.??.??"]
[Source "www.chesslib.no"]
[SourceDate "2004.05.04"]

1. e4 e5 2. f4 exf4 3. Nf3 d5 4. exd5 Nf6 5. Bb5+ c6 6. dxc6 bxc6 7. Bc4 Nd5 8. d4 Be6 9. Qe2 Bd6 10. Nc3 O-O 11. Ne4 Bc7 12. O-O Nd7 13. Bd3 Re8 14. c4 Bf5 15. Nfg5 Nb4 16. Bxf4 Bxe4 17. Nxe4 Bxf4 18. Rxf4 Nc5 19. Nf6+ gxf6 20. Bxh7+ Kxh7 21. Qh5+ Kg7 22. dxc5 Re5 23. Rg4+ Kf8 24. Qh6+ Ke7 25. Rf1 Re6 26. Qh4 Qh8 27. Qg3 Rd8 28. Qb3 Qh5 29. Rgf4 Qxc5+ 30. Kh1 Nd3 31. R4f3 Nf2+ 32. Kg1 Ne4+ 33. Kh1 Nd2 0-1

[Event "Olot"]
[Site "Olot"]
[Date "1974.03.29"]
[Round "11"]
[White "Pomar Salamanca, Arturo"]
[Black "Iskov, Gert"]
[Result "1/2-1/2"]
[WhiteElo "2435"]
[BlackElo "2380"]
[PlyCount "60"]
[EventDate "1974.03.??"]
[Source "www.chesslib.no"]
[SourceDate "2004.05.04"]

1. e4 e5 2. f4 d5 3. exd5 exf4 4. Nf3 Nf6 5. Nc3 Bd6 6. Bb5+ c6 7. dxc6 bxc6 8. Bc4 O-O 9. O-O Nbd7 10. d4 Nb6 11. Bb3 a5 12. a4 Bg4 13. Qd3 Qc8 14. Kh1 Ra7 15. Ng5 Bf5 16. Nge4 Nxe4 17. Nxe4 Bb8 18. Bxf4 Re7 19. Be5 Bxe5 20. dxe5 Rxe5 21. Qd4 Rxe4 22. Qxb6 Re5 23. Rae1 Rfe8 24. Rxe5 Rxe5 25. Rd1 Qe8 26. h3 Re1+ 27. Rxe1 Qxe1+ 28. Kh2 Qe5+ 29. Kh1 Qe1+ 30. Kh2 Qe5+ 1/2-1/2

[Event "Parnu-B"]
[Site "Parnu"]
[Date "1996.??.??"]
[Round "6"]
[White "Westerinen, Heikki MJ"]
[Black "Kulaots, Kaido"]
[Result "1/2-1/2"]
[WhiteElo "2410"]
[BlackElo "2400"]
[PlyCount "152"]
[EventDate "1996.02.??"]
[Source "ChessBase"]

1. e4 e5 2. f4 d5 3. exd5 exf4 4. Nf3 Nf6 5. Bb5+ c6 6. dxc6 Nxc6 7. d4 Bd6 8. Qe2+ Be6 9. Ng5 O-O 10. Nxe6 fxe6 11. Bxc6 bxc6 12. O-O Qc7 13. Nd2 e5 14. dxe5 Bxe5 15. Nf3 Bd6 16. Bd2 Kh8 17. Qc4 Rab8 18. b3 Rb5 19. Rae1 Rc5 20. Qd3 Rd5 21. Qe2 Ng4 22. c4 Bc5+ 23. Kh1 Rd7 24. Ng5 f3 25. gxf3 Qxh2+ 26. Qxh2 Nxh2 27. Kxh2 Rxd2+ 28. Kg3 Bd6+ 29. f4 Rxa2 30. Re6 Rd2 31. Rf3 Rd4 32. Ne4 Bb4 33. Re3 c5 34. Re7 a5 35. f5 h6 36. Kg4 a4 37. f6 Rxf6 38. Kh5 Rf8 39. Rg3 Rg8 40. bxa4 Rxc4 41. Nd6 Rd4 42. Nf5 Rd5 43. Kg6 c4 44. Re4 Rc5 45. Re6 c3 46. Nd6 Rc7 47. Nf7+ Rxf7 48. Kxf7 Rf8+ 49. Kg6 c2 50. Rg1 Bd2 51. Rc6 c1=Q 52. Rgxc1 Bxc1 53. Rxc1 Rf6+ 54. Kh5 Rf4 55. Rc7 Kh7 56. Rb7 Rf5+ 57. Kg4 Ra5 58. Rb4 h5+ 59. Kh4 Kh6 60. Kg3 Rc5 61. Rb3 g6 62. Rd3 Kg5 63. Rb3 Kf5 64. Ra3 Ra5 65. Kh4 Ke4 66. Rg3 Ra6 67. Rg1 Kf3 68. a5 Ke4 69. Rg5 Rc6 70. Rg1 Ra6 71. Rg5 Kf4 72. Rg1 Kf5 73. Rf1+ Ke4 74. Kg5 Kd4 75. Rd1+ Kc4 76. Rb1 Kc3 1/2-1/2

[Event "ITT Cono Sur"]
[Site "Montevideo"]
[Date "2001.01.??"]
[Round "2"]
[White "Fiorito, Fabian"]
[Black "Diaz, Nahuel"]
[Result "1/2-1/2"]
[WhiteElo "2454"]
[BlackElo "2348"]
[PlyCount "27"]
[EventDate "2001.01.19"]
[Source "www.chesslib.no"]
[SourceDate "2004.05.04"]

1. e4 e5 2. f4 exf4 3. Nf3 d5 4. exd5 Nf6 5. d4 Nxd5 6. Bd3 Bd6 7. O-O O-O 8. Nc3 Nxc3 9. bxc3 Nc6 10. Bd2 Bg4 11. Rb1 b6 12. Qe1 Qf6 13. Qh4 Qxh4 14. Nxh4 1/2-1/2

[Event "otb"]
[Site "otb"]
[Date "2007.05.05"]
[Round "8"]
[White "Zelic Mladen"]
[Black "Romanishin Oleg M"]
[Result "1/2-1/2"]
[WhiteElo "2258"]
[BlackElo "2542"]
[PlyCount "56"]
[Source "www.chesslib.no"]
[SourceDate "2004.05.04"]

1. e4 e5 2. f4 exf4 3. Nf3 d5 4. exd5 Nf6 5. Bc4 Nxd5 6. O-O Be6 7. Bb3 Be7 8. d4 O-O 9. Nc3 Nxc3 10. bxc3 Bxb3 11. axb3 Bd6 12. Nd2 c5 13. Ne4 cxd4 14. Nxd6 Qxd6 15. Bxf4 Qe6 16. cxd4 Nc6 17. c4 Qe4 18. d5 Nd4 19. Kh1 Rfe8 20. Bd6 Nc2 21. Bc7 Nxa1 22. Qxa1 Qg4 23. h3 Qd7 24. d6 Rec8 25. Qa4 Rxc7 26. dxc7 Qxc7 27. Qb5 b6 28. Re1 g6 1/2-1/2

[Event "BCF Ch"]
[Site "Edinburgh SCO"]
[Date "1985.??.??"]
[Round "1"]
[White "Hebden, Mark L"]
[Black "Upton, Timothy J"]
[Result "1-0"]
[WhiteElo "2480"]
[BlackElo "2305"]
[PlyCount "123"]
[EventDate "1985.08.??"]
[Source "www.chesslib.no"]
[SourceDate "2004.05.04"]

1. e4 e5 2. f4 exf4 3. Nf3 d5 4. exd5 Nf6 5. Bc4 Nxd5 6. O-O Be7 7. d4 O-O 8. Bxd5 Qxd5 9. Bxf4 c5 10. Nc3 Qc4 11. Qe1 Bf6 12. Bd6 Bxd4+ 13. Kh1 Rd8 14. Ne4 Nc6 15. c3 Bf6 16. Nfd2 Qe6 17. Nxf6+ gxf6 18. Qg3+ Qg4 19. Ne4 Qxg3 20. Bxg3 f5 21. Nd6 b6 22. Rae1 Be6 23. a3 Ne7 24. h4 Rd7 25. b3 Rad8 26. Nc4 Rd3 27. Be5 b5 28. Na5 R8d7 29. h5 Nd5 30. Rf3 Ne7 31. c4 bxc4 32. bxc4 Rxf3 33. gxf3 Rd3 34. Bf6 Kf8 35. Rb1 Rxa3 36. Rd1 Ke8 37. Nb7 Nc6 38. Nxc5 Bxc4 39. Rd6 Bb5 40. Kg2 f4 41. Rd1 Re3 42. Kf2 a5 43. Bg5 f6 44. Bxf4 Re2+ 45. Kg3 f5 46. Nb7 Ba4 47. Rd5 Bc2 48. Rd6 Ne7 49. Nxa5 Kf7 50. Nc4 Re6 51. Rd8 Re1 52. Ne3 Bb3 53. Rh8 Kg7 54. Be5+ Kh6 55. Rb8 Bf7 56. Rb7 Nc6 57. Bf4+ Kg7 58. Rb6 Be8 59. Nxf5+ Kf8 60. Rb7 Kg8 61. Nh6+ Kh8 62. Bd2 1-0

[Event "Miskolc"]
[Site "Miskolc"]
[Date "1990.??.??"]
[Round "11"]
[White "Lendwai, Reinhard"]
[Black "Dutreeuw, Marc"]
[Result "1/2-1/2"]
[WhiteElo "2380"]
[BlackElo "2405"]
[PlyCount "42"]
[EventDate "1990.12.??"]
[Source "www.chesslib.no"]
[SourceDate "2004.05.04"]

1. e4 e5 2. f4 exf4 3. Nf3 d5 4. exd5 Nf6 5. Bb5+ c6 6. dxc6 Nxc6 7. d4 Qa5+ 8. Nc3 Bb4 9. O-O O-O 10. Qd3 Bd6 11. a3 g6 12. Bxc6 bxc6 13. Ne4 Nxe4 14. Qxe4 Qd5 15. Qxd5 cxd5 16. Bd2 Bf5 17. Rac1 Rab8 18. b4 Rfe8 19. Ne5 g5 20. Nc6 Rb6 21. Na5 Bf8 1/2-1/2

[Event "Biel op"]
[Site "Biel"]
[Date "1992.??.??"]
[Round "8"]
[White "Gallagher, Joseph G"]
[Black "Hedke, Fred"]
[Result "0-1"]
[WhiteElo "2510"]
[BlackElo "2275"]
[PlyCount "122"]
[EventDate "1992.07.??"]
[Source "ChessBase"]

1. e4 e5 2. f4 d5 3. exd5 exf4 4. Nf3 Nf6 5. Bc4 Nxd5 6. O-O Be7 7. d4 O-O 8. Bxd5 Qxd5 9. Bxf4 c6 10. Nc3 Qd8 11. Qd2 Nd7 12. d5 Nb6 13. d6 Bf6 14. Ne4 Bxb2 15. Rab1 Bf6 16. Nxf6+ Qxf6 17. Bg5 Qf5 18. Be7 Re8 19. Ng5 Qd5 20. Qf2 f5 21. Rfd1 Qxa2 22. Rb3 h6 23. Qe2 hxg5 24. Qh5 Bd7 25. Rh3 Qe6 26. Qxg5 Nd5 27. Rg3 Qe5 28. Qg6 Nxe7 29. dxe7 Rxe7 30. Rh3 Qf6 31. Qh7+ Kf7 32. Rhd3 Qh6 33. Qxh6 gxh6 34. Rxd7 Rae8 35. Kf2 Rxd7 36. Rxd7+ Re7 37. Rd6 Kg7 38. Kf3 a5 39. Kf4 Rf7 40. h4 a4 41. h5 Rf6 42. Rd7+ Rf7 43. Rd6 Rc7 44. Kxf5 b5 45. Ke6 b4 46. Rd1 c5 47. Kd6 Rc8 48. Kd7 Ra8 49. Kc6 c4 50. Kb5 b3 51. cxb3 cxb3 52. Kb4 Kf6 53. Ka3 Kg5 54. Rd5+ Kg4 55. Rb5 Ra7 56. g3 Ra8 57. Rc5 Ra6 58. Rc8 Kxh5 59. Rb8 Kg4 60. Rg8+ Kh3 61. g4 Rb6 0-1

[Event "Asti Open"]
[Site "Asti ITA"]
[Date "1995.??.??"]
[Round "7"]
[White "Belotti, Bruno"]
[Black "Dutreeuw, Marc"]
[Result "0-1"]
[WhiteElo "2405"]
[BlackElo "2380"]
[PlyCount "80"]
[EventDate "1995.??.??"]
[Source "www.chesslib.no"]
[SourceDate "2004.05.04"]

1. e4 e5 2. f4 exf4 3. Nf3 d5 4. exd5 Nf6 5. Bb5+ c6 6. dxc6 Nxc6 7. d4 Qa5+ 8. Nc3 Bb4 9. Qe2+ Be6 10. O-O O-O 11. Qd3 Bd6 12. Ng5 Nb4 13. Qd1 Bg4 14. Nf3 Rad8 15. Bc4 Qh5 16. h3 Bc8 17. a3 Nbd5 18. Nxd5 Nxd5 19. Qd3 Rfe8 20. Bxd5 Qxd5 21. c4 Qh5 22. Bd2 Re6 23. Rae1 Rg6 24. Kf2 Rg3 25. Qe4 g5 26. Bb4 g4 27. Bxd6 gxf3 28. Bxf4 f5 29. Qb1 Rxg2+ 30. Ke3 Re8+ 31. Kd3 Rge2 32. Rg1+ Kf7 33. Be5 f4 34. Rxe2 fxe2 35. Qe1 Bf5+ 36. Kd2 f3 37. Rg7+ Kf8 38. Qg3 Bg6 39. Rxb7 Qf5 40. Qh4 Qd3+ 0-1

[Event "ch-LTU"]
[Site "Vilnius"]
[Date "2004.04.29"]
[Round "10"]
[White "Asauskas, Henrikas"]
[Black "Butnorius, Algimantas"]
[Result "0-1"]
[WhiteElo "2358"]
[BlackElo "2423"]
[PlyCount "68"]
[EventDate "2004.04.23"]
[Source "Roberto Alvarez"]
[SourceDate "2004.05.03"]

1. e4 e5 2. f4 exf4 3. Nf3 d5 4. exd5 Nf6 5. Bc4 Nxd5 6. O-O Be7 7. Bxd5 Qxd5 8. d4 O-O 9. Bxf4 c6 10. Nc3 Qd8 11. Qd3 Be6 12. Rae1 Na6 13. Re5 Nb4 14. Qe4 Bd5 15. Nxd5 Nxd5 16. c4 Nf6 17. Qc2 Re8 18. Rfe1 Bb4 19. Rd1 Rxe5 20. dxe5 Qb6+ 21. Kf1 Ng4 22. Qe2 Bc5 23. Rd3 Re8 24. h3 Nf6 25. Nd2 Qxb2 26. Nb3 Qb1+ 27. Rd1 Qf5 28. Qf3 Nh5 29. Nxc5 Qxf4 30. Nxb7 Qxe5 31. Nd6 Rf8 32. Nxf7 Qc5 33. Rd8 Qxc4+ 34. Kg1 Qxf7 0-1